| 000 | 00545nam a22002057a 4500 | ||
|---|---|---|---|
| 999 |
_c2711 _d2711 |
||
| 003 | URS | ||
| 005 | 20220114142240.0 | ||
| 008 | 200109s2001 |||| |||| 00| 0 eng d | ||
| 020 | _a9812403132 | ||
| 040 |
_cURS _beng _drda |
||
| 050 | 1 | 4 |
_aHF 5415 _b.L2181 2001 |
| 100 | _aLamb, Charles Jr W. | ||
| 245 | 1 | 0 |
_aEssentials of marketing _cCharles Lamb Jr. |
| 250 | _aSecond Edition. | ||
| 260 |
_aAustralia: _bThomson Learning; _c[2001] |
||
| 300 |
_ax,579 pages: _c25 cm. |
||
| 504 | _aIncludes index. | ||
| 650 | _aMarketing | ||
| 942 |
_2lcc _cFR |
||